Európska únia na ceste k cieľu stratégie Európa 2020 bakalárska práca
Gespeichert in:
| 1. Verfasser: | |
|---|---|
| Körperschaft: | |
| Weitere Verfasser: | |
| Format: | Buch |
| Sprache: | Slowakisch |
| Veröffentlicht: |
Bratislava
2016
|
| Tags: |
Keine Tags, Fügen Sie das erste Tag hinzu!
|
MARC
| LEADER | 00000nbm a2200000 4500 | ||
|---|---|---|---|
| 001 | 0218698 | ||
| 005 | 20170123110637.0 | ||
| 041 | 0 | |a slo | |
| 044 | |a SK | ||
| 245 | 1 | 0 | |a Európska únia na ceste k cieľu stratégie Európa 2020 |b bakalárska práca |c Denisa Iľašová ; školiteľ: Lenka Šprochová |
| 264 | 1 | |a Bratislava |c 2016 | |
| 300 | |a 55 s. | ||
| 100 | 1 | |a Iľašová, Denisa | |
| 700 | 1 | |a Šprochová, Lenka | |
| 710 | 2 | |a Obchodná fakulta EU. Katedra medzinárodného obchodu | |